| 000 | 00816nas a2200241 4500 | ||
|---|---|---|---|
| 001 | BR8000303 | ||
| 003 | BR-BrBNA | ||
| 005 | 20231205084108.0 | ||
| 007 | ta | ||
| 008 | 230509b bl.|||p| |||| 00| 00por d | ||
| 040 |
_aBR-BrBNA _bpor _cBiblioteca Nacional de Agricultura |
||
| 041 | _a(Pt) | ||
| 072 | _aE15 | ||
| 100 | 1 | _aVeiga Filho, A. de A. | |
| 245 | 1 | _aO preco da terra na analise economica: algumas observacoes [Arrendamento; Brasil] | |
| 246 | 1 | _a[The land price in economical analysis: some notes [Lease; Brazil]] | |
| 650 | _aMicroeconomia | ||
| 650 | _aTerra | ||
| 650 | _aArrendamento | ||
| 773 | 0 |
_tInformacoes Economicas - Instituto de Economia Agricola (Brazil) _xISSN 0100-4409 _g(Sep 1979), v. 9(9) p. 27-34 _wBR8000303 |
|
| 909 |
_a202311 _bLúcia _c55 _dLúcia Elande |
||
| 942 |
_2AGRIS _n0 _cANA |
||
| 999 |
_c103113 _d103113 |
||